[Event "?"]
[Site "?"]
[Date "????.??.??"]
[Round "?"]
[White "Hammar, B."]
[Black "Donchenko, A."]
[Result "1/2-1/2"]
[WhiteElo "2284"]
[BlackElo "2353"]
[Annotator "013"]
[PlyCount "61"]
[EventDate "2013.??.??"]
[WhiteTeam "Schweden 1"]
[BlackTeam "Hessen 1"]

1. e4 d6 2. d4 g6 3. Bc4 c6 4. Bb3 Bg7 5. Nf3 Nf6 6. Qe2 O-O 7. O-O Qc7 8. h3
e5 9. dxe5 dxe5 10. Nc3 Na6 11. Be3 Nd7 12. Rad1 Ndc5 13. Qd2 Re8 14. Bh6 Be6
15. Bxg7 Kxg7 16. Ng5 Bxb3 17. axb3 Rad8 18. Qe3 f6 19. Nf3 Qb6 20. Rd2 Rxd2
21. Nxd2 Nb4 22. Rc1 Ne6 23. Qxb6 axb6 24. Nc4 b5 25. Ne3 Nd4 26. Kf1 f5 27.
exf5 gxf5 28. Ne2 Kf6 29. c3 Nxe2 30. Kxe2 Na6 31. b4 1/2-1/2

[Event "?"]
[Site "?"]
[Date "????.??.??"]
[Round "?"]
[White "Klundt, K."]
[Black "Wahlbom, M."]
[Result "1-0"]
[WhiteElo "2338"]
[BlackElo "2284"]
[Annotator "014"]
[PlyCount "53"]
[EventDate "2013.??.??"]
[WhiteTeam "Hessen 1"]
[BlackTeam "Schweden 1"]

1. e4 e6 2. d4 d5 3. Nd2 Nf6 4. e5 Nfd7 5. f4 c5 6. c3 Nc6 7. Ndf3 Qb6 8. g3
cxd4 9. cxd4 Bb4+ 10. Kf2 f6 11. Kg2 g5 12. exf6 gxf4 13. f7+ Kxf7 14. Bxf4 Nf6
15. Bd3 Bd7 16. Ne5+ Ke7 17. Ngf3 Raf8 18. Rf1 Be8 19. Bh6 Rfg8 20. Nxc6+ bxc6
21. Bg5 Rf8 22. Ne5 Rhg8 23. Qg4 Rxg5 24. Qxg5 Qxd4 25. Rxf6 Rxf6 26. Rf1 Qxb2+
27. Kh3 1-0

[Event "?"]
[Site "?"]
[Date "????.??.??"]
[Round "?"]
[White "Malmdin, N."]
[Black "Isserman, R."]
[Result "1/2-1/2"]
[WhiteElo "2239"]
[BlackElo "2331"]
[Annotator "015"]
[PlyCount "48"]
[EventDate "2013.??.??"]
[WhiteTeam "Schweden 1"]
[BlackTeam "Hessen 1"]

1. e4 d6 2. d4 Nf6 3. Nc3 g6 4. f4 Bg7 5. Nf3 O-O 6. Bd3 Na6 7. O-O c5 8. e5
Nd7 9. Be3 cxd4 10. Bxd4 dxe5 11. fxe5 Nxe5 12. Bxe5 Bxe5 13. Nxe5 Qd4+ 14. Kh1
Qxe5 15. Qf3 Nc5 16. Rae1 Qd6 17. Nb5 Qd8 18. Bc4 Be6 19. Bxe6 Nxe6 20. c4 Qb6
21. b3 Rae8 22. Nc3 Qc6 23. Nd5 Qc5 24. Re5 Qd4 1/2-1/2

[Event "?"]
[Site "?"]
[Date "????.??.??"]
[Round "?"]
[White "Strutinskaya, G."]
[Black "Jorgensen, J."]
[Result "0-1"]
[WhiteElo "2300"]
[BlackElo "2242"]
[Annotator "017"]
[PlyCount "118"]
[EventDate "2013.??.??"]
[WhiteTeam "Rußland Frauen"]
[BlackTeam "Norresundby"]

1. d4 f5 2. g3 d6 3. Nf3 Nf6 4. Bg2 g6 5. b3 Bg7 6. Bb2 O-O 7. O-O c6 8. c4 Na6
9. a3 Bd7 10. Qc2 Ne4 11. Nbd2 Nxd2 12. Qxd2 Qe8 13. Rfd1 Rd8 14. d5 Bxb2 15.
Qxb2 cxd5 16. cxd5 Nc5 17. e3 Rc8 18. Nd4 Qd8 19. b4 Na4 20. Qd2 Qb6 21. Rac1
Rc7 22. Rxc7 Qxc7 23. Rc1 Qb8 24. e4 Nb6 25. Qg5 fxe4 26. Bxe4 Qe8 27. Ne6 Bxe6
28. dxe6 d5 29. Bg2 Qd8 30. h4 Rf5 31. Qe3 Qd6 32. Bh3 Rf8 33. h5 gxh5 34. Qg5+
Kh8 35. Qxh5 Rg8 36. Bf5 Rg7 37. Qe8+ Rg8 38. Qf7 Rg7 39. Qf8+ Rg8 40. Qh6
Rxg3+ 41. Kf1 Rg7 42. Bxh7 Qe5 43. Bg6+ Kg8 44. Bf7+ Rxf7 45. exf7+ Kxf7 46.
Qh7+ Ke8 47. Re1 Qd6 48. Qg7 Nc4 49. Qg8+ Kd7 50. Qg4+ e6 51. Qg7+ Kc6 52. Qf7
e5 53. b5+ Kb6 54. a4 Nd2+ 55. Kg2 e4 56. Rh1 Ka5 57. Rh5 Nf3 58. b6 Kxb6 59.
Rxd5 Qh2+ 0-1

[Event "?"]
[Site "?"]
[Date "????.??.??"]
[Round "?"]
[White "Pedersen, S."]
[Black "Fatalibekova, El"]
[Result "1/2-1/2"]
[WhiteElo "2225"]
[BlackElo "2272"]
[Annotator "018"]
[PlyCount "89"]
[EventDate "2013.??.??"]
[WhiteTeam "Norresundby"]
[BlackTeam "Rußland Frauen"]

1. e4 c5 2. d3 Nf6 3. g3 d5 4. Nd2 Nc6 5. Bg2 dxe4 6. dxe4 e5 7. Ngf3 Be7 8.
O-O O-O 9. c3 b6 10. Qe2 a5 11. Nc4 Ba6 12. a4 Qc7 13. Re1 Ne8 14. Nfd2 Nd6 15.
Bf1 Bg5 16. f4 Nxc4 17. Nxc4 Bxc4 18. Qxc4 exf4 19. e5 Nxe5 20. Rxe5 Qxe5 21.
gxf4 Qe1 22. fxg5 Rad8 23. g6 hxg6 24. Qe2 Qd1 25. b4 Rfe8 26. Qxd1 Rxd1 27.
Bb2 Rxa1 28. Bxa1 cxb4 29. Kf2 Rc8 30. cxb4 axb4 31. Bd3 g5 32. Ke3 Kf8 33. Bf5
Rc6 34. Bd4 Rd6 35. Be5 Rc6 36. Kd4 b3 37. Kd5 g6 38. Bd3 Ke7 39. Bc4 f6 40.
Bd4 Rd6+ 41. Ke4 f5+ 42. Ke5 Kd7 43. Bxb3 g4 44. Bc4 f4 45. Bb5+ 1/2-1/2

[Event "?"]
[Site "?"]
[Date "????.??.??"]
[Round "?"]
[White "Saunina, L."]
[Black "Holst, P."]
[Result "1-0"]
[WhiteElo "2208"]
[BlackElo "2118"]
[Annotator "019"]
[PlyCount "87"]
[EventDate "2013.??.??"]
[WhiteTeam "Rußland Frauen"]
[BlackTeam "Norresundby"]

1. d4 Nf6 2. c4 e6 3. Nc3 Bb4 4. Qc2 c5 5. dxc5 O-O 6. Nf3 Bxc5 7. Bg5 Be7 8.
Rd1 Nc6 9. a3 b6 10. e4 Qc7 11. Be2 a6 12. O-O Bb7 13. Kh1 Rac8 14. Rc1 Ng4 15.
Bxe7 Nxe7 16. h3 Ne5 17. Nxe5 Qxe5 18. f4 Qc7 19. Qd2 Rfd8 20. b4 Ng6 21. Qe3
Qc6 22. Qg3 f6 23. h4 Ne7 24. Bd3 Kh8 25. e5 f5 26. Ne2 Ng8 27. Nd4 Qc7 28. c5
bxc5 29. Nb3 c4 30. Bxc4 Qb6 31. Qf2 Qxf2 32. Rxf2 Nh6 33. Nc5 Bd5 34. Bxa6 Ra8
35. a4 d6 36. exd6 Rxd6 37. Be2 Ng8 38. a5 Nf6 39. a6 Rb6 40. b5 Rc8 41. Rc3
Rcb8 42. Rf1 Kg8 43. Rfc1 Kf8 44. a7 1-0

[Event "?"]
[Site "?"]
[Date "????.??.??"]
[Round "?"]
[White "Olesen, P."]
[Black "Titorenko, N."]
[Result "1-0"]
[WhiteElo "2054"]
[BlackElo "2164"]
[Annotator "020"]
[PlyCount "149"]
[EventDate "2013.??.??"]
[WhiteTeam "Norresundby"]
[BlackTeam "Rußland Frauen"]

1. e4 d5 2. exd5 Nf6 3. Nc3 Nxd5 4. Bc4 c6 5. d3 Be6 6. Qf3 Nd7 7. Bxd5 cxd5 8.
d4 Nf6 9. Bg5 Qd7 10. h3 h5 11. Nge2 Bg4 12. Qe3 Bf5 13. Nf4 Ne4 14. Nfxd5 Nxg5
15. Qxg5 e6 16. Ne3 Qxd4 17. O-O Qd8 18. Qg3 Bg6 19. Nb5 Rc8 20. Rad1 Qb6 21.
c4 a6 22. Nd6+ Bxd6 23. Rxd6 Qxb2 24. Rxe6+ fxe6 25. Qxg6+ Kf8 26. Qxe6 Rc6 27.
Qd7 Kg8 28. Qe8+ Kh7 29. Qxh5+ Kg8 30. Qe8+ Kh7 31. Qe4+ Kg8 32. Nd5 Rd6 33.
Re1 Qd2 34. Re3 Rhh6 35. Ne7+ Kh8 36. Nf5 Rde6 37. Qxb7 Qd1+ 38. Kh2 Reg6 39.
Qb8+ Kh7 40. Ne7 Qd6+ 41. Qxd6 Rxd6 42. Nf5 Rc6 43. Nxh6 Kxh6 44. Re4 Kg5 45.
Rg4+ Kf6 46. Kg3 Rc5 47. Re4 Ra5 48. Re2 Ra3+ 49. f3 Rc3 50. Rb2 a5 51. Rb6+
Kf7 52. Ra6 Ra3 53. c5 Rxa2 54. c6 Rc2 55. Rxa5 Rxc6 56. f4 Kg6 57. Ra3 Rb6 58.
Kg4 Kh6 59. g3 Rb4 60. Re3 Ra4 61. h4 Ra5 62. Re6+ Kh7 63. f5 Ra4+ 64. Kg5 Ra1
65. g4 Ra8 66. h5 Rg8 67. Re7 Kh8 68. Kg6 Rf8 69. g5 Ra8 70. Kf7 Ra5 71. Re8+
Kh7 72. g6+ Kh6 73. f6 Rf5 74. Rh8+ Kg5 75. Kxg7 1-0

[Event "?"]
[Site "?"]
[Date "????.??.??"]
[Round "?"]
[White "Harestad, T."]
[Black "Uhlmann, W."]
[Result "1/2-1/2"]
[WhiteElo "2199"]
[BlackElo "2340"]
[Annotator "021"]
[PlyCount "53"]
[EventDate "2013.??.??"]
[WhiteTeam "Norwegen 1"]
[BlackTeam "Deutschland A"]

1. d4 Nf6 2. c4 g6 3. Nc3 Bg7 4. e4 d6 5. f3 O-O 6. Bg5 Nbd7 7. Qd2 a6 8. Bd3
c5 9. d5 Rb8 10. a4 Qa5 11. Ra2 Ne5 12. Nge2 e6 13. O-O exd5 14. cxd5 Qc7 15.
Be3 Re8 16. Rc1 Nfd7 17. Nd1 Nxd3 18. Qxd3 Ne5 19. Qc2 b5 20. axb5 axb5 21. b3
f5 22. Nf2 Bd7 23. Ng3 fxe4 24. Nfxe4 Nf7 25. Qd2 Bf5 26. Kh1 Bxe4 27. Nxe4
1/2-1/2

[Event "?"]
[Site "?"]
[Date "????.??.??"]
[Round "?"]
[White "Schulze, U."]
[Black "Kristiansen, E."]
[Result "1-0"]
[WhiteElo "2316"]
[BlackElo "2219"]
[Annotator "022"]
[PlyCount "57"]
[EventDate "2013.??.??"]
[WhiteTeam "Deutschland A"]
[BlackTeam "Norwegen 1"]

1. d4 Nf6 2. Nf3 b6 3. g3 Bb7 4. Bg2 e6 5. O-O c5 6. c4 cxd4 7. Qxd4 d6 8. Nc3
a6 9. Rd1 Nbd7 10. b3 Be7 11. e4 O-O 12. Ba3 Nc5 13. e5 dxe5 14. Qxd8 Rfxd8 15.
Nxe5 Bxg2 16. Kxg2 Bf8 17. Bxc5 Bxc5 18. Na4 Kf8 19. Nxc5 bxc5 20. Kf3 Ke8 21.
Ke3 Rac8 22. f4 Nd7 23. Nd3 Nb6 24. Nf2 Rxd1 25. Rxd1 Ke7 26. Ne4 Rc6 27. Kd3
f5 28. Nd2 Rd6+ 29. Ke3 1-0

[Event "?"]
[Site "?"]
[Date "????.??.??"]
[Round "?"]
[White "Weiß, W."]
[Black "Rosen, W."]
[Result "0-1"]
[WhiteElo "2189"]
[BlackElo "2290"]
[Annotator "025"]
[PlyCount "44"]
[EventDate "2013.??.??"]
[WhiteTeam "BSW/DBAG 1"]
[BlackTeam "SF Katernberg"]

1. e4 c5 2. d4 cxd4 3. c3 Nf6 4. e5 Nd5 5. Qxd4 e6 6. Nf3 Nc6 7. Qe4 f5 8. exf6
Nxf6 9. Qe3 d5 10. Bb5 Bd7 11. O-O Bd6 12. Qe2 O-O 13. Bg5 Qc7 14. Nbd2 e5 15.
h4 Rae8 16. Rfe1 e4 17. Nd4 Ng4 18. Be3 Bh2+ 19. Kh1 Bg1 20. Nf1 Bxf2 21. Bxc6
bxc6 22. Nc2 Bxe1 0-1

[Event "?"]
[Site "?"]
[Date "????.??.??"]
[Round "?"]
[White "Mueller-Clostermann, B."]
[Black "Boehm, E."]
[Result "1/2-1/2"]
[WhiteElo "2165"]
[BlackElo "2221"]
[Annotator "026"]
[PlyCount "27"]
[EventDate "2013.??.??"]
[WhiteTeam "SF Katernberg"]
[BlackTeam "BSW/DBAG 1"]

1. d4 g6 2. Nf3 Bg7 3. g3 d6 4. Bg2 e5 5. dxe5 dxe5 6. Qxd8+ Kxd8 7. Nc3 f6 8.
O-O c6 9. Be3 Nh6 10. Rfd1+ Kc7 11. Bc5 Bf8 12. Ne4 Bf5 13. Bxf8 Rxf8 14. Ne1
1/2-1/2

[Event "?"]
[Site "?"]
[Date "????.??.??"]
[Round "?"]
[White "Fleuch, H."]
[Black "Nautsch, W."]
[Result "0-1"]
[WhiteElo "2064"]
[BlackElo "2206"]
[Annotator "027"]
[PlyCount "72"]
[EventDate "2013.??.??"]
[WhiteTeam "BSW/DBAG 1"]
[BlackTeam "SF Katernberg"]

1. d4 g6 2. Nf3 Bg7 3. e3 d6 4. Be2 Nc6 5. O-O e5 6. c3 e4 7. Nfd2 f5 8. c4 Nf6
9. Nc3 O-O 10. f4 exf3 11. Bxf3 Ne7 12. Nb3 c6 13. d5 c5 14. Re1 Nd7 15. e4 f4
16. Bg4 Ne5 17. Bxc8 Nxc8 18. Nd2 Nb6 19. Qe2 g5 20. h3 Qf6 21. Nd1 Qg6 22. Nf2
h5 23. Kh1 g4 24. Nd3 Rae8 25. Nxe5 Rxe5 26. Rb1 gxh3 27. gxh3 Qg3 28. Qf1 Rg5
29. Nf3 Rg6 30. b3 Nd7 31. Bb2 Be5 32. Bxe5 Nxe5 33. Nxe5 dxe5 34. Rb2 f3 35.
Rh2 f2 36. Re2 Qg1+ 0-1

[Event "?"]
[Site "?"]
[Date "????.??.??"]
[Round "?"]
[White "Krueger, E."]
[Black "Hollstein, J."]
[Result "1/2-1/2"]
[WhiteElo "2193"]
[BlackElo "2067"]
[Annotator "028"]
[PlyCount "64"]
[EventDate "2013.??.??"]
[WhiteTeam "SF Katernberg"]
[BlackTeam "BSW/DBAG 1"]

1. d4 Nf6 2. c4 g6 3. Nc3 d5 4. cxd5 Nxd5 5. Bd2 Nb6 6. Nf3 Bg7 7. e3 O-O 8.
Be2 Bg4 9. h3 Be6 10. b3 h6 11. O-O N8d7 12. e4 c6 13. Be3 f5 14. exf5 Bxf5 15.
Nh4 e6 16. Nxf5 exf5 17. Qd2 Kh7 18. Rad1 Nf6 19. Bf4 Qd7 20. Be5 Rad8 21. Qc2
Nfd5 22. Bf3 Rfe8 23. Rfe1 Re6 24. g4 Bxe5 25. Rxe5 Rxe5 26. dxe5 fxg4 27. Bxg4
Qe7 28. Nxd5 Nxd5 29. e6 h5 30. Bxh5 Qxe6 31. Bg4 Qf6 32. Qd2 Rf8 1/2-1/2

[Event "?"]
[Site "?"]
[Date "????.??.??"]
[Round "?"]
[White "Roofthoofd, M."]
[Black "Beltz, R."]
[Result "1/2-1/2"]
[WhiteElo "2196"]
[BlackElo "2152"]
[Annotator "030"]
[PlyCount "99"]
[EventDate "2013.??.??"]
[WhiteTeam "Belgien 1"]
[BlackTeam "SF Leipzig"]

1. e4 c5 2. Nf3 Nc6 3. d4 cxd4 4. Nxd4 Nf6 5. Nc3 Qc7 6. f4 d6 7. Nf3 e6 8. Bd3
a6 9. O-O Be7 10. a3 b5 11. Qe1 Bb7 12. Kh1 h5 13. f5 exf5 14. exf5 Ne5 15.
Nxe5 dxe5 16. Bg5 h4 17. Bxf6 h3 18. Be4 hxg2+ 19. Kxg2 Bxf6 20. Rd1 Rd8 21.
Rxd8+ Bxd8 22. Rf3 Bxe4 23. Qxe4 Rh4 24. Qe3 Rd4 25. Ne2 Rg4+ 26. Rg3 Qc6+ 27.
Kf1 Re4 28. Qd3 Bb6 29. c3 Qc5 30. Qf3 Qd5 31. Qd3 Qc6 32. Qf3 Ke7 33. Rg4 Rc4
34. Qxc6 Rxc6 35. Rxg7 Rd6 36. Rg2 Be3 37. Ng3 Bf4 38. Kf2 Kf6 39. Kf3 Bxg3 40.
hxg3 Kxf5 41. b3 Re6 42. Ke3 Kg4 43. c4 Rc6 44. Ke4 Rc5 45. cxb5 axb5 46. Rf2
Rc3 47. Rxf7 Kxg3 48. Kxe5 Rxb3 49. Kd6 Rxa3 50. Kc5 1/2-1/2

[Event "?"]
[Site "?"]
[Date "????.??.??"]
[Round "?"]
[White "Prüfer, F."]
[Black "Maes, V."]
[Result "1/2-1/2"]
[WhiteElo "2155"]
[BlackElo "2182"]
[Annotator "031"]
[PlyCount "45"]
[EventDate "2013.??.??"]
[WhiteTeam "SF Leipzig"]
[BlackTeam "Belgien 1"]

1. d4 d5 2. c4 e6 3. Nf3 Nf6 4. g3 dxc4 5. Bg2 c5 6. O-O Nc6 7. Qa4 Bd7 8. Qxc4
b5 9. Qd3 c4 10. Qc2 Rc8 11. a4 a6 12. axb5 axb5 13. b3 Na5 14. bxc4 Nxc4 15.
Qb3 Be7 16. Na3 Na5 17. Qb1 b4 18. Nc2 Ne4 19. Nxb4 Nc3 20. Qb2 Na4 21. Qb1 Nc3
22. Qb2 Na4 23. Qb1 1/2-1/2

[Event "?"]
[Site "?"]
[Date "????.??.??"]
[Round "?"]
[White "Schuermans, R."]
[Black "Weber, B."]
[Result "1-0"]
[WhiteElo "2127"]
[BlackElo "2155"]
[Annotator "032"]
[PlyCount "43"]
[EventDate "2013.??.??"]
[WhiteTeam "Belgien 1"]
[BlackTeam "SF Leipzig"]

1. e4 e5 2. f4 exf4 3. Bc4 Nf6 4. Nc3 Bb4 5. Nge2 d6 6. O-O g5 7. d4 Nc6 8. Nd5
Nxd5 9. Bxd5 Be6 10. c3 Ba5 11. g3 Bxd5 12. exd5 Ne7 13. Qa4+ Qd7 14. Qxa5 Qg4
15. Qb5+ Kf8 16. Qd3 Ng6 17. Bd2 h5 18. Kh1 Re8 19. Rf2 Qh3 20. Ng1 Qg4 21.
gxf4 gxf4 22. Raf1 1-0

[Event "?"]
[Site "?"]
[Date "????.??.??"]
[Round "?"]
[White "Titz, H."]
[Black "Danner, G."]
[Result "0-1"]
[WhiteElo "2204"]
[BlackElo "2315"]
[Annotator "033"]
[PlyCount "86"]
[EventDate "2013.??.??"]
[WhiteTeam "Wien"]
[BlackTeam "Österreich"]

1. c4 c5 2. Nc3 g6 3. Nf3 Bg7 4. e3 Nf6 5. d4 O-O 6. Be2 cxd4 7. exd4 d5 8.
cxd5 Nxd5 9. Qb3 Nxc3 10. bxc3 Nc6 11. O-O Qc7 12. Rd1 Na5 13. Qb4 Be6 14. Bg5
Nc6 15. Qa3 Rfd8 16. Rac1 Rac8 17. Ne1 Rd5 18. Bd2 Ra5 19. Qb2 Rxa2 20. Qb1
Rxd2 21. Rxd2 Bh6 22. Rcd1 Bxd2 23. Rxd2 Na5 24. d5 Bf5 25. Bd3 Bxd3 26. Rxd3
Nc4 27. Nf3 Ne5 28. Nxe5 Qxe5 29. g3 Rc7 30. Qc1 Kg7 31. Qd2 b6 32. Rd4 h5 33.
Kg2 b5 34. h4 Rc4 35. Rd3 a5 36. Re3 Qd6 37. Rd3 a4 38. Qb2 Qe5 39. Qd2 a3 40.
Kg1 Ra4 41. Qa2 Qe1+ 42. Kh2 Qe4 43. Rd1 Qc4 0-1

[Event "?"]
[Site "?"]
[Date "????.??.??"]
[Round "?"]
[White "Danner, L."]
[Black "Strobel, F."]
[Result "1/2-1/2"]
[WhiteElo "2124"]
[BlackElo "2099"]
[Annotator "036"]
[PlyCount "76"]
[EventDate "2013.??.??"]
[WhiteTeam "Österreich"]
[BlackTeam "Wien"]

1. d4 f5 2. Nc3 Nf6 3. Bg5 e6 4. e4 fxe4 5. Nxe4 Be7 6. Bxf6 Bxf6 7. Qh5+ g6 8.
Qh6 d5 9. Nxf6+ Qxf6 10. Nf3 Bd7 11. O-O-O Nc6 12. Qe3 O-O-O 13. c3 Rdf8 14.
Bb5 Qf4 15. Bxc6 Bxc6 16. Rhe1 Bd7 17. Rd2 h6 18. Qxf4 Rxf4 19. Ne5 Rf6 20. f3
g5 21. h4 b6 22. Rh1 Rg8 23. Ng4 Rfg6 24. h5 R6g7 25. Nxh6 Rh8 26. Ng4 Be8 27.
Re2 Rxh5 28. Rhe1 Bd7 29. Kd2 a5 30. Re5 Rh8 31. Ke3 c6 32. Kf2 Kc7 33. Kg3 Kd6
34. Nf2 c5 35. Nh3 cxd4 36. cxd4 Rh5 37. Kf2 Rh4 38. Nxg5 Rxd4 1/2-1/2

[Event "?"]
[Site "?"]
[Date "????.??.??"]
[Round "?"]
[White "Sloth, J."]
[Black "Stürzenbaum, A."]
[Result "1/2-1/2"]
[WhiteElo "2342"]
[BlackElo "2156"]
[Annotator "041"]
[PlyCount "81"]
[EventDate "2013.??.??"]
[WhiteTeam "Dänemark 1"]
[BlackTeam "Salzburg"]

1. Nf3 Nf6 2. c4 g6 3. b4 Bg7 4. Bb2 O-O 5. e3 d6 6. Be2 e5 7. d3 Re8 8. Nbd2
e4 9. dxe4 Nxe4 10. Bxg7 Kxg7 11. Nxe4 Rxe4 12. Qc2 Re8 13. Qc3+ Qf6 14. Qxf6+
Kxf6 15. Kd2 Nc6 16. Kc3 Ne5 17. Nd2 Ke7 18. Nb3 Bd7 19. f4 Nc6 20. Bf3 f5 21.
Rhe1 Kf6 22. Rad1 Be6 23. a3 Rab8 24. c5 Bxb3 25. Kxb3 dxc5 26. bxc5 Re7 27.
Rd3 Rbe8 28. Kc4 Nd8 29. Red1 Nc6 30. Rd7 h6 31. Rxe7 Kxe7 32. e4 Rd8 33. exf5
Rxd1 34. Bxd1 gxf5 35. Bf3 Nd8 36. Kd5 Kf6 37. g3 Nc6 38. Kc4 Nd8 39. Bd5 Ke7
40. Kd4 Kf6 41. Bf3 1/2-1/2

[Event "?"]
[Site "?"]
[Date "????.??.??"]
[Round "?"]
[White "Detter, P."]
[Black "Kolbak, J."]
[Result "1/2-1/2"]
[WhiteElo "2086"]
[BlackElo "2280"]
[Annotator "042"]
[PlyCount "65"]
[EventDate "2013.??.??"]
[WhiteTeam "Salzburg"]
[BlackTeam "Dänemark 1"]

1. d4 Nf6 2. c4 e6 3. g3 Bb4+ 4. Bd2 Bxd2+ 5. Qxd2 d5 6. cxd5 exd5 7. Nc3 O-O
8. Bg2 Re8 9. Nh3 Bf5 10. Nf4 c6 11. O-O Nbd7 12. Bh3 Bxh3 13. Nxh3 Nb6 14. b3
Ne4 15. Nxe4 dxe4 16. e3 Nd5 17. Nf4 Nxf4 18. gxf4 Qd5 19. Qe2 Rad8 20. Rac1
Qe6 21. Kh1 Rd5 22. Rg1 h6 23. Qg4 Qxg4 24. Rxg4 Red8 25. Rgg1 Kf8 26. Rc2 g6
27. Rgc1 Ke7 28. Kg2 Kd6 29. f3 f5 30. h4 Rc8 31. fxe4 fxe4 32. Rc5 Rf8 33.
Rxd5+ 1/2-1/2

[Event "?"]
[Site "?"]
[Date "????.??.??"]
[Round "?"]
[White "Rosenlund, T."]
[Black "Koller, H."]
[Result "1-0"]
[WhiteElo "2263"]
[BlackElo "2113"]
[Annotator "043"]
[PlyCount "59"]
[EventDate "2013.??.??"]
[WhiteTeam "Dänemark 1"]
[BlackTeam "Salzburg"]

1. Nf3 d5 2. b3 c5 3. e3 Nc6 4. Bb2 Nf6 5. Bb5 Bd7 6. O-O e6 7. d3 Be7 8. Nbd2
O-O 9. Bxc6 Bxc6 10. Ne5 Nd7 11. Nxc6 bxc6 12. e4 Bf6 13. Bxf6 Qxf6 14. f4 Qd4+
15. Kh1 f5 16. Nf3 Qf6 17. e5 Qe7 18. Qe2 h6 19. h4 Kh7 20. Rg1 Rg8 21. Ng5+
Kh8 22. Qh5 Nf8 23. g4 g6 24. Qxh6+ Nh7 25. h5 gxh5 26. gxh5 Rae8 27. Rg3 Qg7
28. Rag1 Qe7 29. Kg2 Qg7 30. Kf2 1-0

[Event "?"]
[Site "?"]
[Date "????.??.??"]
[Round "?"]
[White "Prochaska, J."]
[Black "Sorensen, B."]
[Result "0-1"]
[WhiteElo "2003"]
[BlackElo "2256"]
[Annotator "044"]
[PlyCount "80"]
[EventDate "2013.??.??"]
[WhiteTeam "Salzburg"]
[BlackTeam "Dänemark 1"]

1. e4 e6 2. d4 d5 3. exd5 exd5 4. Bd3 Nc6 5. Ne2 Bd6 6. O-O Nge7 7. c3 Bg4 8.
f3 Bh5 9. Bf4 Bg6 10. b4 O-O 11. Qc2 Re8 12. Bxd6 Qxd6 13. Nd2 Bxd3 14. Qxd3
Ng6 15. Rfe1 Re6 16. Nf1 Rae8 17. Kf2 Nb8 18. g3 Nd7 19. Ng1 Nb6 20. Rxe6 Qxe6
21. f4 Nc4 22. Nf3 Nd6 23. Re1 Ne4+ 24. Kg2 Qg4 25. Qe3 f6 26. h3 Qd7 27. Qd3
Kf8 28. N1d2 Qf5 29. Qb5 c6 30. Qxb7 Nxf4+ 31. gxf4 Qg6+ 32. Kh1 Qg3 33. Re2
Qxh3+ 34. Kg1 Re7 35. Qxc6 Qg3+ 36. Kh1 Qxf4 37. Qxd5 Ng3+ 38. Kg2 Rxe2+ 39.
Kh3 Nf5 40. Qc5+ Re7 0-1

[Event "?"]
[Site "?"]
[Date "????.??.??"]
[Round "?"]
[White "Macdonald-Ross, M."]
[Black "Vucenovic, D."]
[Result "1/2-1/2"]
[WhiteElo "2136"]
[BlackElo "2271"]
[Annotator "045"]
[PlyCount "68"]
[EventDate "2013.??.??"]
[WhiteTeam "England 2"]
[BlackTeam "Schweiz"]

1. d4 d5 2. Nf3 e6 3. c4 Nf6 4. e3 Be7 5. Nc3 O-O 6. Bd3 b6 7. O-O Bb7 8. Qe2
c5 9. cxd5 exd5 10. Bf5 g6 11. Bh3 Bc8 12. Bxc8 Qxc8 13. Rd1 Rd8 14. Bd2 Nc6
15. Be1 Qb7 16. Rac1 Rac8 17. Qc2 Bf8 18. Ne5 Nxe5 19. dxe5 Ne8 20. f4 d4 21.
exd4 cxd4 22. Qe4 Qa6 23. Ne2 Bc5 24. Rd3 Ng7 25. b4 Be7 26. Rxc8 Rxc8 27. Rxd4
Qxa2 28. Rd7 Bf8 29. Kf1 a5 30. bxa5 bxa5 31. Nc3 Qc4+ 32. Qxc4 Rxc4 33. Nd5
Ne6 34. g3 a4 1/2-1/2

[Event "?"]
[Site "?"]
[Date "????.??.??"]
[Round "?"]
[White "Quinn, J."]
[Black "Illi, H."]
[Result "1/2-1/2"]
[WhiteElo "2103"]
[BlackElo "2129"]
[Annotator "047"]
[PlyCount "28"]
[EventDate "2013.??.??"]
[WhiteTeam "England 2"]
[BlackTeam "Schweiz"]

1. d4 Nf6 2. c4 d6 3. Nf3 Nbd7 4. Nc3 e5 5. g3 Be7 6. Bg2 O-O 7. O-O c6 8. Qc2
Re8 9. Rd1 Qc7 10. e4 b6 11. h3 Bb7 12. Be3 a6 13. Rac1 Bf8 14. a3 b5 1/2-1/2

[Event "?"]
[Site "?"]
[Date "????.??.??"]
[Round "?"]
[White "Pauchard, P."]
[Black "Myall, I."]
[Result "1/2-1/2"]
[WhiteElo "2106"]
[BlackElo "2087"]
[Annotator "048"]
[PlyCount "27"]
[EventDate "2013.??.??"]
[WhiteTeam "Schweiz"]
[BlackTeam "England 2"]

1. e4 e5 2. Nf3 Nc6 3. d4 exd4 4. Bc4 Nf6 5. e5 d5 6. Bb5 Ne4 7. Nxd4 Bd7 8.
Bxc6 bxc6 9. O-O Be7 10. f3 Nc5 11. Nc3 Ne6 12. f4 Bc5 13. Be3 Qb8 14. f5
1/2-1/2

[Event "?"]
[Site "?"]
[Date "????.??.??"]
[Round "?"]
[White "Wuttke, H."]
[Black "Jones, I."]
[Result "1/2-1/2"]
[WhiteElo "2171"]
[BlackElo "2225"]
[Annotator "049"]
[PlyCount "35"]
[EventDate "2013.??.??"]
[WhiteTeam "Brandenburg"]
[BlackTeam "Wales"]

1. d4 Nf6 2. Nf3 e6 3. g3 d5 4. Bg2 c5 5. O-O Nc6 6. c4 dxc4 7. Ne5 Nxe5 8.
dxe5 Qxd1 9. Rxd1 Nd7 10. Na3 Be7 11. Nxc4 O-O 12. f4 Rd8 13. Be3 Rb8 14. Nd6
b6 15. Nxc8 Rbxc8 16. Rd2 Nb8 17. Rad1 Rxd2 18. Rxd2 1/2-1/2

[Event "?"]
[Site "?"]
[Date "????.??.??"]
[Round "?"]
[White "Miles, R."]
[Black "Walter, G."]
[Result "0-1"]
[WhiteElo "2088"]
[BlackElo "2233"]
[Annotator "050"]
[PlyCount "94"]
[EventDate "2013.??.??"]
[WhiteTeam "Wales"]
[BlackTeam "Brandenburg"]

1. d4 Nf6 2. c4 d6 3. Nf3 Nbd7 4. Nc3 e5 5. e4 Be7 6. Be2 O-O 7. O-O c6 8. Be3
Re8 9. d5 c5 10. Ne1 Nf8 11. Nd3 h6 12. Rb1 Ng6 13. b3 Nh7 14. Qd2 Bg5 15. f3
Bxe3+ 16. Qxe3 a6 17. a3 Bd7 18. b4 b6 19. Rfc1 Qc7 20. Nd1 Nhf8 21. g3 a5 22.
b5 Qd8 23. Nc3 Qg5 24. Qxg5 hxg5 25. Kg2 Ne7 26. Nf2 g6 27. Bd3 Kg7 28. Rh1
Rad8 29. Rbf1 Nh7 30. Na4 Nc8 31. Nc3 Rf8 32. Nfd1 Ne7 33. Ne3 f5 34. Bb1 Rf7
35. Bd3 Rdf8 36. Be2 Nf6 37. Bd3 Nh5 38. Be2 Nf6 39. Bd3 Nh7 40. Be2 g4 41.
fxg4 f4 42. gxf4 exf4 43. Nf5+ gxf5 44. exf5 Bxf5 45. gxf5 Nxf5 46. Kh3 Ng5+
47. Kg4 Ne3+ 0-1

[Event "?"]
[Site "?"]
[Date "????.??.??"]
[Round "?"]
[White "Grottke, H."]
[Black "Van Kemenade, R."]
[Result "1/2-1/2"]
[WhiteElo "2220"]
[BlackElo "2018"]
[Annotator "051"]
[PlyCount "57"]
[EventDate "2013.??.??"]
[WhiteTeam "Brandenburg"]
[BlackTeam "Wales"]

1. e4 e5 2. Nf3 Nf6 3. Nxe5 d6 4. Nf3 Nxe4 5. Nc3 d5 6. Qe2 Be7 7. Nxe4 dxe4 8.
Qxe4 O-O 9. Bd3 g6 10. Qd4 Bd6 11. O-O Nc6 12. Qa4 Nb4 13. Qb3 Be6 14. Bc4 Bf5
15. d3 c6 16. Bh6 Qf6 17. Qc3 Qxc3 18. bxc3 Nxc2 19. Bxf8 Rxf8 20. Rad1 Na3 21.
Bb3 Bg4 22. c4 Bxf3 23. gxf3 b5 24. Rfe1 a5 25. cxb5 cxb5 26. Bd5 Nc2 27. Re4
Nb4 28. Rxb4 Bxb4 29. Bc6 1/2-1/2

[Event "?"]
[Site "?"]
[Date "????.??.??"]
[Round "?"]
[White "Waterfield, J."]
[Black "Urban, H."]
[Result "1/2-1/2"]
[WhiteElo "1980"]
[BlackElo "2133"]
[Annotator "052"]
[PlyCount "47"]
[EventDate "2013.??.??"]
[WhiteTeam "Wales"]
[BlackTeam "Brandenburg"]

1. e4 Nc6 2. Nf3 e5 3. Nc3 Nf6 4. d4 exd4 5. Nxd4 Bb4 6. Nxc6 bxc6 7. Bd3 d5 8.
exd5 cxd5 9. O-O O-O 10. Bg5 c6 11. Na4 h6 12. Bh4 Be7 13. c4 Be6 14. Rc1 Qa5
15. cxd5 Bxd5 16. Re1 Qb4 17. Bxf6 Bxf6 18. b3 Rfe8 19. Re2 Qf4 20. Nc3 Rxe2
21. Bxe2 Bd4 22. Nxd5 Qxf2+ 23. Kh1 cxd5 24. Bf3 1/2-1/2

[Event "?"]
[Site "?"]
[Date "????.??.??"]
[Round "?"]
[White "Kirmas, J."]
[Black "Watzka, H."]
[Result "1/2-1/2"]
[WhiteElo "2050"]
[BlackElo "2273"]
[Annotator "053"]
[PlyCount "58"]
[EventDate "2013.??.??"]
[WhiteTeam "Saale-Schachbund Halle"]
[BlackTeam "Steiermark"]

1. e4 e5 2. Nf3 Nc6 3. Bc4 Be7 4. d4 d6 5. dxe5 Nxe5 6. Nxe5 dxe5 7. Qxd8+ Bxd8
8. O-O Nf6 9. Re1 c6 10. h3 O-O 11. Nd2 Re8 12. Nf3 Bc7 13. a4 Be6 14. Bxe6
Rxe6 15. b3 Nd7 16. Ba3 Rd8 17. Rad1 f6 18. Rd3 Ree8 19. Red1 Nf8 20. Rxd8 Rxd8
21. Rxd8 Bxd8 22. Bxf8 Kxf8 23. Kf1 Ke7 24. Ne1 Ba5 25. Nd3 Bc3 26. Ke2 b6 27.
Nc1 Ke6 28. g4 g6 29. Na2 Bd4 1/2-1/2